International Financial Management (Record no. 345256)
[ view plain ]
| 000 -LEADER | |
|---|---|
| fixed length control field | 00416 a2200157 4500 |
| 020 ## - INTERNATIONAL STANDARD BOOK NUMBER | |
| International Standard Book Number | 981240225X |
| 024 ## - OTHER STANDARD IDENTIFIER | |
| Standard number or code | 9789812402257 |
| 082 ## - DEWEY DECIMAL CLASSIFICATION NUMBER | |
| Classification number | 658.1599 |
| 090 ## - LOCALLY ASSIGNED LC-TYPE CALL NUMBER (OCLC); LOCAL CALL NUMBER (RLIN) | |
| -- | 2765 |
| -- | 2765 |
| 100 ## - MAIN ENTRY--PERSONAL NAME | |
| Personal name | Madura, Jeff |
| 245 ## - TITLE STATEMENT | |
| Title | International Financial Management |
| Statement of responsibility, etc. | Jeff Madura |
| 250 ## - EDITION STATEMENT | |
| Edition statement | 6th Ed. |
| 260 ## - PUBLICATION, DISTRIBUTION, ETC. | |
| Place of publication, distribution, etc. | New York |
| Name of publisher, distributor, etc. | An International Thmson Publishing Company |
| Date of publication, distribution, etc. | 2001 |
| 300 ## - PHYSICAL DESCRIPTION | |
| Extent | 650 |
| 942 ## - ADDED ENTRY ELEMENTS (KOHA) | |
| Institution code [OBSOLETE] | NBS |
| Koha item type | Book |
| Call number prefix | 658.1588 MAD |
| Withdrawn status | Lost status | Damaged status | Not for loan | Permanent Location | Current Location | Date acquired | Total Checkouts | Full call number | Barcode | Date last seen | Price effective from | Koha item type | Source of classification or shelving scheme |
|---|---|---|---|---|---|---|---|---|---|---|---|---|---|
| Central Library (CL) | Central Library (CL) | 08/28/2013 | 658.1588 MAD | NBS4361 | 08/28/2013 | 08/28/2013 | Book | ||||||
| Central Library (CL) | Central Library (CL) | 08/28/2013 | 658.1588 MAD | NBS4360 | 05/26/2014 | 08/28/2013 | Book | ||||||
| Central Library (CL) | Central Library (CL) | 02/12/2021 | 658.1588 MAD | NBS4359 | 02/12/2021 | 02/12/2021 | Book |
